Stories of peoplehood <the> politics and morals of political membership
Uložené v:
| Hlavný autor: | |
|---|---|
| Médium: | Kniha |
| Jazyk: | English |
| Vydavateľské údaje: |
Cambridge
Cambridge University Press
2003
|
| Edícia: | Contemporary Political Theory
|
| Predmet: | |
| Tagy: |
Žiadne tagy, Buďte prvý, kto otaguje tento záznam!
|
MARC
| LEADER | 00000nam$a2200000$$$4500 | ||
|---|---|---|---|
| 001 | 0113509 | ||
| 005 | 20240312120022.5 | ||
| 020 | |a 0-521-52003-7 | ||
| 041 | 0 | |a eng | |
| 044 | |a GB | ||
| 245 | 1 | 0 | |a Stories of peoplehood |b <the> politics and morals of political membership |c Rogers M. Smith |
| 264 | 1 | |a Cambridge |b Cambridge University Press |c 2003 | |
| 300 | |a 236 s. | ||
| 490 | 1 | |a Contemporary Political Theory | |
| 830 | 0 | |a Contemporary Political Theory | |
| 610 | 2 | 0 | |a populácia |
| 610 | 2 | 0 | |a spoločnosť |
| 610 | 2 | 0 | |a vývoj |
| 610 | 2 | 0 | |a politika |
| 610 | 2 | 0 | |a etika |
| 610 | 2 | 0 | |a morálka |
| 610 | 2 | 0 | |a teórie politické |
| 100 | 1 | |a Smith, Rogers M. | |